Lehetőségek Prizma

Bibliographic Details
Main Author: Öllős, László, 1957- (Author)
Format: Article
Language:Hungarian
Subjects:

MARC

LEADER 00000nab a2200000 a 4500
001 vtls000488059
003 SK-MaSNL
005 20260319074122.0
008 120927c1992 xo 0 hun
015 |a SNBRB19rr/mm-uuuuu 
035 |a CL0488196 
040 |a SNKBUCL  |b slo  |c SNKBUCL  |e AACR2 
041 0 |a hun 
044 |a xo  |c SK 
080 |a 329.11/.12(437.6=945.11)MOS  |2 1981 
100 1 |a Öllős, László,  |d 1957-  |4 aut  |9 107827 
245 1 0 |a Lehetőségek  |b Prizma  |c László Öllős 
650 0 7 |a Maďarská občianska strana  |2 snkbucl  |9 893812 
655 7 |a články z novín a časopisov  |2 snkbucl  |9 267496 
773 0 |t Nap  |g Roč. 4, č. 41 (1992), s. 6 
850 |a Slovenská národná knižnica v Martine  |a MTA001 
852 |a SNK  |b KIS3GCP 
958 |a RK 
992 |a RBX 
999 |c 1576892  |d 1578822